000 00958 a2200217 4500
999 _c7614
_d7614
010 _aENG-88140
020 _a8177649159
_c1200.00
035 _aEN-71673
037 _bDBAD / PUB
082 1 4 _a549.113
245 1 0 _aNational Seminar on Development Planning of Coastal Placer Minerals :
_bPLACER--2005 /
_cedited by V.J.Loveson, N.Chandrasekar [and] A.Sinha
260 _aNew Delhi
_bAllied Publishers
_c2005
300 _aix, 272 p.
_bill., maps ;
_c28 cm.(Hb)
520 _aPapers presented at the conference organized by Central Mining Research Institute in collaboration with Manonmanium Sundaranar University, Tirunelveli during 26the and 27th October 2005; with reference to India.
700 1 _aLoveson, V. J.
700 1 _aChandrasekar, N.
700 1 _aSinha, A.
710 2 _aManonmaniyam Sundaranar Palkalaikkalakam.
710 2 _aCentral Mining Research Institute (Dhanbad, India)
942 _adpl
_cEN
_2ddc
_h549.113
_mNAT